Vista normal
Vista MARC
Entrada Personal Name
Número de registros utilizados en: 1
001 - CONTROL NUMBER
- control field: 59507
003 - CONTROL NUMBER IDENTIFIER
- control field: OSt
005 - DATE AND TIME OF LATEST TRANSACTION
- control field: 20250604153020.0
008 - FIXED-LENGTH DATA ELEMENTS
- fixed length control field: 250604|| aca||aabn | a|a d
040 ## - CATALOGING SOURCE
- Original cataloging agency: OSt
- Transcribing agency: OSt
100 ## - HEADING--PERSONAL NAME
- Personal name: Borges, Jorge Luis, 1899-1986, prologuista \ Abelenda, Francisco, traductor
670 ## - SOURCE DATA FOUND
- Source citation: Work cat.: (OSt)57120: Bradbury, Ray, 1920-2012 59506, Crónicas marcianas /